| 000 | 00740nam a2200133Ia 4500 | ||
|---|---|---|---|
| 008 | 220620s9999||||xx |||||||||||||| ||und|| | ||
| 022 | _a16648714 | ||
| 100 | _aEwan A. Macpherson||Guillaume Andeol||Brian D. Simpson | ||
| 245 | 0 | _aHow and Why Does Spatial-Hearing Ability Differ among Listeners? What Is the Role of Learning and Multisensory Interactions? | |
| 546 | _aEnglish[eng] | ||
| 650 | _aLearning||HRTF (head related transfer function)||Sound Localization||spatial hearing||adaptation||training||binaural cues||spectral cues||mulltisensory interaction | ||
| 856 | _uhttp://journal.frontiersin.org/researchtopic/1296/how-and-why-does-spatial-hearing-ability-differ-among-listeners-what-is-the-role-of-learning-and-mul | ||
| 942 | _cEB | ||
| 999 |
_c23223 _d23223 |
||